|
|
|
|
| LEADER |
01349nam a2200337 a 4500 |
| 001 |
16037643 |
| 003 |
BD-DhAAL |
| 005 |
20230613182151.0 |
| 008 |
120725s2009 fi b 001 0 eng d |
| 010 |
|
|
|a 2009488233
|
| 020 |
|
|
|a 9789522221230 (pbk.)
|
| 020 |
|
|
|a 9522221236 (pbk.)
|
| 022 |
|
|
|a 0081-6493
|
| 040 |
|
|
|a DLC
|c DLC
|d BD-DhAAL
|
| 082 |
0 |
0 |
|a 305.42/094897
|2 22
|
| 100 |
1 |
|
|a Pylkkanen, Anu.
|9 54666
|
| 245 |
1 |
0 |
|a Trapped in equality :
|b women as legal persons in the modernisation of Finnish law /
|c Anu Pylkkanen.
|
| 260 |
|
|
|a Helsinki :
|b Suomalaisen Kirjallisuuden Seura,
|c 2009
|
| 300 |
|
|
|a 277 pages ;
|c 22 cm.
|
| 490 |
0 |
|
|a Studia historica ;
|v 78
|
| 504 |
|
|
|a Includes bibliographical references (p. 254-274) and indexes.
|
| 541 |
|
|
|a 25664
|
| 650 |
|
0 |
|a Women
|x Legal status, laws, etc.
|z Finland.
|9 54667
|
| 650 |
|
0 |
|a Women's rights
|z Finland.
|9 54668
|
| 650 |
|
0 |
|a Sex discrimination against women
|x Law and legislation
|z Finland.
|9 54669
|
| 650 |
|
0 |
|a Equality before the law
|z Finland.
|9 54670
|
| 650 |
|
0 |
|a Domestic relations
|z Finland.
|9 54671
|
| 852 |
1 |
|
|a Ayesha Abed Library
|j General shelf
|
| 942 |
|
|
|2 ddc
|c BK
|
| 999 |
|
|
|c 12629
|d 12629
|
| 952 |
|
|
|0 0
|1 0
|2 ddc
|4 0
|6 305_420948970000000_PYL
|7 0
|9 20823
|a BIGD
|b BIGD
|c GEN
|d 2023-06-13
|e BDI
|l 0
|o 305.42094897 PYL
|p 3050025664
|r 2012-07-29
|t 1
|w 2012-07-26
|y BK
|x Transferred from BDI to BIGD.
|